[Event "Shakhty KVU op"]
[Site "Shakhty"]
[Date "2015.02.21"]
[Round "9"]
[White "Petrenko, VP."]
[Black "Mavrova, Kseniya"]
[Result "1-0"]
[WhiteElo "2070"]
[BlackElo "1566"]
[PlyCount "89"]
[EventDate "2015.02.14"]
[EventType "swiss"]
[EventRounds "9"]
[EventCountry "RUS"]
[SourceTitle "CBM 165 Extra"]
[Source "ChessBase"]
[SourceDate "2015.04.21"]
[SourceVersion "1"]
[SourceVersionDate "2015.04.21"]
[SourceQuality "1"]

1. e4 e6 2. d4 d5 3. e5 c5 4. c3 Nc6 5. Nf3 Qb6 6. a3 cxd4 7. cxd4 Nge7 8. Bd3 Bd7 9. Bc2 Na5 10. 0-0 Nc4 11. Nc3 Rc8 12. Na4 Qc6 13. Nc5 b6 14. Ba4 b5 15. Bc2 Qc7 16. Ng5 h6 17. Nh7 Nc6 18. Nxf8 Kxf8 19. Be3 Be8 20. Qf3 Qe7 21. Rab1 Rb8 22. Qe2 Qh4 23. Qf3 Qe7 24. g3 Bd7 25. Qe2 Be8 26. f4 Bd7 27. Bf2 g6 28. Kh1 Kg7 29. Rbd1 Nxb2 30. Rd2 Nc4 31. Rd3 Nb2 32. Rf3 Nc4 33. g4 h5 34. f5 exf5 35. gxf5 Qe8 36. Nxd7 Qxd7 37. fxg6 fxg6 38. Rf6 Ne7 39. Rg1 Rb6 40. Qf3 Qe8 41. Bh4 Nd2 42. Qf4 Nc4 43. Rxb6 Nxb6 44. Bxe7 Qxe7 45. Rxg6+ 1-0